Rozbor cenových vlivů v roce 1991 na zemědělství.

Vplyv liberalizácie a odbúravania dotácií na maloobchodné ceny na poľnohospodárske podniky v januári až auguste 1991. Vývoj nákupných cien poľnohospodárskych produktov a odbytu z hľadiska výstupov z poľnohospodárstva. Vývoj indexov cien výrobnej sféry, ktorá produkuje vstupy do poľnohospodárstva. Vý...

Full description

Saved in:
Bibliographic Details
Main Author: Brabenec, Vladimír
Other Authors: Šařecová, P.
Format: Book Chapter
Language:Czech
Subjects:
Tags: Add Tag
No Tags, Be the first to tag this record!

MARC

LEADER 00000naa a2200000 4500
001 r008523
005 20221125081641.5
041 0 |a cze 
044 |a [CS] 
245 1 0 |a Rozbor cenových vlivů v roce 1991 na zemědělství.  |c V. Brabenec, P. Šařecová 
520 |a Vplyv liberalizácie a odbúravania dotácií na maloobchodné ceny na poľnohospodárske podniky v januári až auguste 1991. Vývoj nákupných cien poľnohospodárskych produktov a odbytu z hľadiska výstupov z poľnohospodárstva. Vývoj indexov cien výrobnej sféry, ktorá produkuje vstupy do poľnohospodárstva. Vývoj malooobchodných cien a životných nákladov obyvateľstva v roku 1991. Krátkodobá predpoveď poľnohospodárskej výroby a spotreby. 
610 2 0 |a výrobky poľnohospodárske 
610 2 0 |a podnik poľnohospodársky 
610 2 0 |a ceny 
610 2 0 |a ceny maloobchodné 
610 2 0 |a liberalizácia 
610 2 0 |a dotácie 
610 2 0 |a indexy cenové 
610 2 0 |a 1991 
610 2 0 |a ceny nákupné 
610 2 0 |a odbyt 
610 2 0 |a náklady životné 
610 2 0 |a údaje štatistické 
100 1 |a Brabenec, Vladimír 
700 1 |a Šařecová, P.